000 00494nam a2200169Ia 4500
003 GCL
008 140319s9999 xx 000 0 ara d
040 _aGCL /
_cGCL
082 0 4 _a150.1
_bع م
100 1 _aعبدالسلام عبدالغفار
245 1 0 _aمقدمة فى علم النفس العام /
_cعبدالسلام عبدالغفار
300 _a343 ص
490 _a100 قصة
_v0
650 0 4 _aعلم النفس
650 0 4 _aعلم النفس العام
942 _2ddc
_cBK
999 _c45836
_d45836